000 00952cab a2200313 4500
001 WB2942-12
008 090401t1993 xxu||||| |||| 00| 0 eng d
035 _a(Sirsi) u67565
041 _aeng
245 _aBAA to build US-style discount malls
260 _c1993
350 _a0
490 _aFinancial Times
_v10 November 1993, 9
490 _aBuilding
_v258(7819) 11 November 1993, 5(1)
520 _aBAA and the US developer, McArthur/Glen have set up a joint venture to develop six factory outlet malls in the UK and two in France.
650 _aBRITISH AIRPORTS AUTHORITY
650 _aDISCOUNT STORES
650 _aFACTORY OUTLETS
650 _aMCARTHUR GLEN
650 _aOUT-OF-TOWN SHOPPING
650 _aRETAILING
650 _aSHOPPING CENTRES
650 _aSHOPPING MALLS
650 _aUSA
690 _aPROPERTY-COMMERCIAL PROPERTY-RETAIL PROPERTY
690 _aDEVELOPMENT
942 _n0
948 _c04/03/1997
999 _c42278
_d42278